00478nam a2200181Ia 4500003000400000005001700004008004100021040001600062082001800078100002200096245006400118260005100182300001000233650000900243650001200252650001300264700001900277GCL20240530100904.0140319s9999 xx 000 0 eng d aGCL / cGCL04a738.0964bH Z1 aDAMLUJL, SALMA S.10aZILLIJ : THE ART OF MOROCCAN CERAMICS / cDAMLUJL, SALMA S. a[S.N] : bGARNET PUBLISHINGG LIMITED ، c1992 a352 P04aARTS04aMOROCCO04aGERAMICS1 aHEDGECOE, JOHN